Top 15 der betroffenen Covid-19-Länder - 29. Dezember 2021 - Statistiken

Allgemein
  • Dieses Quiz wurde 16 mal gespielt
  • Das Durchschnittsergebnis liegt bei 14 aus 28
Antwortstatistiken
Land % Korrekt
Deutschland
94%
Vereinigte Staaten
94%
Frankreich
88%
Indien
81%
Italien
81%
Russland
81%
Vereinigtes Königreich
81%
Polen
69%
Spanien
69%
Niederlande
63%
Belgien
56%
Brasilien
56%
Argentinien
50%
Indonesien
44%
Tschechien
44%
Kolumbien
38%
Slowakei
38%
Türkei
38%
Estland
31%
Iran
31%
Kroatien
31%
Serbien
31%
Slowenien
31%
Lettland
25%
Litauen
25%
Georgien
19%
Israel
19%
Bahrain
6%
Keine übereinstimmenden Quizze gefunden
Verteilung der Resultate
Anzahl Personen mit jedem Resultat
Perzentil nach korrekt beantworteten Fragen
Ihre Resultats-Entwicklung
Sie haben dieses Quiz noch nicht gespielt